LDR 00805naa#a2200181#i#450# 001 EN\\bibl\120464 005 20260417225830.5 011 ## _a2782-4586 100 ## _a20260331b2026####ek#y0engy0150####ca 102 ## _aRU 200 1# _aModernization of the calculation model for assessing the probability of insurance events for the purposes of optimizing tariff formation in the conditions of interdependent risks _eJournal article 210 1# _aMoscow _cITBO University _d2026 215 ## _a6 с. 608 ## _aJournal article _2local 675 ## _aЭкономическое положение. Конъюнктура. Развитие хозяйственной структуры. Экономический рост. 338.1 _z 700 #1 _aSimonenko _gElena Sergeevna 700 #1 _aStarostina _gDarya Sergeevna 856 4# _azhpi.ru _u